LEADER 01583nam2 22004093i 450 001 RAV1100511 005 20251003044330.0 010 $a8886977336 100 $a20190523d2003 ||||0itac50 ba 101 | $aita 102 $ait 181 1$6z01$ai $bxxxe 182 1$6z01$an 183 1$6z01$anc$2RDAcarrier 200 1 $aˆ2: La ‰progettazione funzionale delle strade$fTommaso Esposito, Raffaele Mauro 210 $aBenevento$cHevelius$d2003 215 $a287 p.$d23 cm. 461 1$1001MIL0548310$12001 $aFondamenti di infrastrutture viarie$fTommaso Esposito, Raffaele Mauro$v2 606 $aStrade$xInfrastrutture$2FIR$3CFIC175899$9E 606 $aStrade$xProgettazione$2FIR$3CFIC062501$9I 676 $a625.7$9INGEGNERIA FERROVIARIA E STRADALE. STRADE$v14 676 $a625.725$9INGEGNERIA FERROVIARIA E STRADALE. STRADE. PROGETTAZIONE.$v22 696 $aVie$aReti stradali 696 $aVie$aReti stradali 699 $aStrade$yVie 699 $aStrade$zReti stradali 699 $aStrade$yVie 699 $aStrade$zReti stradali 700 1$aEsposito$b, Tommaso$3UBOV604789$4070$028805 701 1$aMauro$b, Raffaele$c $3SBTV025718$4070$01781922 801 3$aIT$bIT-000000$c20190523 850 $aIT-BN0095 912 $aRAV1100511 950 2$aBiblioteca Centralizzata di Ateneo$cv. 1-2$d 01SALA DING 625.7 ESP.fo$e 0102 0000084595 VMA A4(0002 v. 2$fY $h20110523$i20110530 977 $a 01 996 $aProgettazione funzionale delle strade$94307150 997 $aUNISANNIO